[Event "Australian Masters"]
[Site "Melbourne"]
[Date "1996.??.??"]
[Round "1"]
[White "Khoze, Eduard"]
[Black "Chapman, Mark"]
[Result "1-0"]
[WhiteElo "2160"]
[BlackElo "2360"]
[PlyCount "79"]
[EventDate "1996.??.??"]
[EventType "tourn"]
[EventRounds "11"]
[EventCountry "AUS"]
[SourceTitle "EXT 1998"]
[Source "ChessBase"]
[SourceDate "1997.11.17"]
[SourceVersion "1"]
[SourceVersionDate "1997.11.17"]
[SourceQuality "1"]

1. d4 Nf6 2. Nf3 g6 3. c4 Bg7 4. Nc3 0-0 5. e4 d6 6. Be2 e5 7. 0-0 Nc6 8. d5 Ne7 9. Ne1 Nd7 10. Nd3 f5 11. f3 f4 12. Bd2 g5 13. b4 Nf6 14. c5 Rf7 15. Rc1 Bf8 16. Nf2 Ng6 17. cxd6 Bxd6 18. Nb5 Rg7 19. Nxd6 cxd6 20. Rc3 h5 21. h3 Nh4 22. Be1 g4 23. fxg4 hxg4 24. hxg4 Nh5 25. Nh3 Ng3 26. Bxg3 fxg3 27. Rxg3 Qb6+ 28. Kh2 Qxb4 29. Bd3 Bd7 30. Rf6 Rc8 31. g5 Ng6 32. Qh5 Nf4 33. Nxf4 exf4 34. Rh3 Bxh3 35. Rh6 Kf8 36. Qxh3 Qc3 37. Qe6 Rxg5 38. Rf6+ Kg7 39. Qe7+ Kg8 40. Qf7+ 1-0

[Event "Australian Masters"]
[Site "Melbourne"]
[Date "1996.??.??"]
[Round "5"]
[White "Leskiewicz, Maksymilian"]
[Black "Khoze, Eduard"]
[Result "1-0"]
[WhiteElo "2175"]
[BlackElo "2160"]
[PlyCount "87"]
[EventDate "1996.??.??"]
[EventType "tourn"]
[EventRounds "11"]
[EventCountry "AUS"]
[SourceTitle "EXT 1998"]
[Source "ChessBase"]
[SourceDate "1997.11.17"]
[SourceVersion "1"]
[SourceVersionDate "1997.11.17"]
[SourceQuality "1"]

1. d4 d5 2. Bf4 Nf6 3. e3 Bg4 4. Be2 Bxe2 5. Qxe2 c6 6. Nd2 e6 7. Qf3 Nbd7 8. Ne2 Be7 9. g4 h6 10. h4 Ne4 11. Nxe4 dxe4 12. Qxe4 Bxh4 13. 0-0-0 Be7 14. g5 Bxg5 15. d5 cxd5 16. Rxd5 Be7 17. Rb5 Nc5 18. Qg2 Qd5 19. Qxd5 exd5 20. b4 Ne4 21. f3 Nf6 22. Rxb7 a5 23. b5 Ba3+ 24. Kd2 0-0 25. Rb1 Rfe8 26. b6 g5 27. Bh2 Bc5 28. Nd4 g4 29. Rc7 Bxd4 30. exd4 gxf3 31. Rg1+ Kh8 32. Be5 Rxe5 33. dxe5 Ne4+ 34. Ke3 f2 35. Rf1 Rb8 36. b7 Kh7 37. Rxf7+ Kg6 38. Rc7 h5 39. c4 h4 40. cxd5 Ng3 41. Rxf2 h3 42. Kf4 Nh5+ 43. Kg4 Rh8 44. Rc8 1-0

[Event "Australian Masters"]
[Site "Melbourne"]
[Date "1996.??.??"]
[Round "7"]
[White "Levi, Eddy"]
[Black "Khoze, Eduard"]
[Result "1-0"]
[WhiteElo "2260"]
[BlackElo "2160"]
[PlyCount "33"]
[EventDate "1996.??.??"]
[EventType "tourn"]
[EventRounds "11"]
[EventCountry "AUS"]
[SourceTitle "EXT 1998"]
[Source "ChessBase"]
[SourceDate "1997.11.17"]
[SourceVersion "1"]
[SourceVersionDate "1997.11.17"]
[SourceQuality "1"]

1. e4 c5 2. c3 d5 3. exd5 Qxd5 4. d4 Nf6 5. Nf3 Bg4 6. Be2 e6 7. 0-0 Nc6 8. Be3 cxd4 9. cxd4 Be7 10. Nc3 Qd7 11. Ne5 Nxe5 12. dxe5 Qxd1 13. Bxd1 Bxd1 14. exf6 Bxf6 15. Rfxd1 0-0 16. Rd7 Rfc8 17. Rxb7 1-0

[Event "Australian Masters"]
[Site "Melbourne"]
[Date "1995.??.??"]
[Round "10"]
[White "Jordan, William J"]
[Black "Khoze, Eduard"]
[Result "1-0"]
[WhiteElo "2340"]
[BlackElo "2200"]
[PlyCount "125"]
[EventDate "1995.??.??"]
[EventType "tourn"]
[EventRounds "11"]
[EventCountry "AUS"]
[EventCategory "4"]
[SourceTitle "EXT 1997"]
[Source "ChessBase"]
[SourceDate "1996.11.15"]
[SourceVersion "1"]
[SourceVersionDate "1996.11.15"]
[SourceQuality "1"]

1. e4 e5 2. Nf3 Nc6 3. Bc4 Bc5 4. 0-0 Nf6 5. d3 h6 6. c3 d6 7. Re1 0-0 8. Nbd2 Ne7 9. Bb3 Ng6 10. d4 exd4 11. cxd4 Bb4 12. Bc2 Re8 13. a3 Ba5 14. b4 Bb6 15. Nc4 Be6 16. d5 Bd7 17. Bb2 Ng4 18. Nxb6 axb6 19. Rc1 N4e5 20. Bb1 Bg4 21. Re3 Nh4 22. Kh1 Bxf3 23. gxf3 Qg5 24. Qf1 Nexf3 25. Qh3 Qf4 26. Rxc7 Nd2 27. Qg3 Ng6 28. Bc2 Rac8 29. Rec3 Rxc7 30. Rxc7 Nxe4 31. Qxf4 Nxf4 32. Bd4 Ng5 33. h4 Nf3 34. Be3 Nxd5 35. Rxb7 Nxh4 36. Bxb6 g5 37. Bb3 Ne7 38. Ba4 Ra8 39. Ba7 Nhg6 40. Rb8+ Rxb8 41. Bxb8 d5 42. b5 Nc8 43. Bc7 Kf8 44. b6 Nxb6 45. Bxb6 Ke7 46. Bc5+ Kd8 47. Bb3 Nf4 48. Be3 Nd3 49. Bxd5 f5 50. a4 Kc7 51. a5 Nb4 52. Bb6+ Kb8 53. Bc4 Kb7 54. Bc5 Na6 55. Bf8 h5 56. Be7 g4 57. Bf7 Nb8 58. Bd6 h4 59. Be6 g3 60. fxg3 hxg3 61. Bxb8 Kxb8 62. Bxf5 Kb7 63. Bd3 1-0